000 00694nam a22001577a 4500
003 OSt
005 20151204164246.0
008 151204b xxu||||| |||| 00| 0 eng d
040 _cRUA
082 _aFIS MEN 2010 B182 Or.1
100 _94325
_aMEN THONG; ម៉ែន ថុង.
245 _aGiant freshwater prawn (Macrobrachium rosenbergii) in rice field under semi-intensivestage 1 and stage4; ការចិញ្ចឹមបង្កងទឹកសាបក្កុងស្រែតាមបែបពាក់កណ្ដាលប្រពលវប្បកម្មកំរិតទី៤.
260 _aPhnom Penh
_bRUA
_c2010
300 _ax; 40p.
_bill.
_c29cm.
942 _2ddc
_cFIS
999 _c4039
_d4039